[Event "Santxenxo op"]
[Site "Pontevedra"]
[Date "2004.06.19"]
[Round "7"]
[White "Teijeiro Barros, Alberto"]
[Black "Bueno Abalo, Manuel"]
[Result "1/2-1/2"]
[WhiteElo "2176"]
[BlackElo "2285"]
[PlyCount "102"]
[EventDate "2004.06.??"]
[EventType "swiss"]
[EventRounds "10"]
[EventCountry "ESP"]
[SourceTitle "EXT 2005"]
[Source "ChessBase"]
[SourceDate "2004.11.15"]
[SourceVersion "1"]
[SourceVersionDate "2004.11.15"]
[SourceQuality "1"]

1. d4 d6 2. e4 Nf6 3. Bd3 e5 4. c3 Be7 5. Nf3 Nbd7 6. 0-0 0-0 7. Re1 c6 8. a4 b6 9. Nbd2 Qc7 10. a5 b5 11. b4 a6 12. Bb2 c5 13. bxc5 dxc5 14. dxe5 Ng4 15. c4 Ngxe5 16. Nxe5 Nxe5 17. Bxe5 Qxe5 18. Qc2 Rb8 19. Nf3 Qc7 20. e5 h6 21. Be4 bxc4 22. Bd5 Bb7 23. Bxb7 Rxb7 24. Qxc4 Rb5 25. e6 Bf6 26. Rad1 fxe6 27. Qxe6+ Kh8 28. Qxa6 Rxa5 29. Qc4 Qb6 30. Rc1 Qb4 31. Qd5 Rd8 32. Qc6 Qb5 33. Qc7 Rda8 34. h4 Qb4 35. Qc6 Qb5 36. Qc7 Rf8 37. h5 c4 38. Qxc4 Qxh5 39. Qe6 Raa8 40. Rcd1 Rae8 41. Qc6 Rc8 42. Qa4 Rc3 43. Rc1 Rxf3 44. gxf3 Qxf3 45. Re8 Rxe8 46. Qxe8+ Kh7 47. Qc6 Qg4+ 48. Qg2 Qf4 49. Rd1 h5 50. Qg3 Qe5 51. Qxe5 Bxe5 1/2-1/2

[Event "Vila de Marin op 3rd"]
[Site "Pontevedra"]
[Date "2003.07.23"]
[Round "9.7"]
[White "Bueno Abalo, Manuel"]
[Black "Pecorelli Garcia, Humberto"]
[Result "0-1"]
[WhiteElo "2240"]
[BlackElo "2441"]
[PlyCount "60"]
[EventDate "2003.07.15"]
[EventType "swiss"]
[EventRounds "9"]
[EventCountry "ESP"]
[SourceTitle "EXT 2004"]
[Source "ChessBase"]
[SourceDate "2003.11.25"]
[SourceVersion "1"]
[SourceVersionDate "2003.11.25"]
[SourceQuality "1"]

1. e4 e6 2. d4 d5 3. Nd2 Nf6 4. exd5 exd5 5. Ngf3 Bf5 6. Be2 Bd6 7. 0-0 0-0 8. Re1 Nbd7 9. Nf1 h6 10. Ng3 Bg6 11. Bd3 Re8 12. Bxg6 fxg6 13. Nh4 Ne4 14. Nxg6 Nxf2 15. Kxf2 Qf6+ 16. Qf3 Qxg6 17. Qxd5+ Kh8 18. Ne4 Nf6 19. Nxf6 Qxf6+ 20. Qf3 Qh4+ 21. g3 Qxh2+ 22. Kf1 Rf8 23. Bf4 Bxf4 24. Re2 Qxg3 25. Qxg3 Bxg3+ 26. Kg2 Bh4 27. Rh1 Bf6 28. d5 Rae8 29. Rhe1 Rxe2+ 30. Rxe2 b5 0-1

[Event "ESP-ch Universities"]
[Site "Torrelavega"]
[Date "2002.04.24"]
[Round "7.7"]
[White "Franco Alonso, Alejandro"]
[Black "Bueno Abalo, Manuel"]
[Result "1/2-1/2"]
[WhiteElo "2383"]
[BlackElo "2251"]
[PlyCount "59"]
[EventDate "2002.04.22"]
[EventType "swiss"]
[EventRounds "9"]
[EventCountry "ESP"]
[SourceTitle "CBM 088 Extra"]
[Source "ChessBase"]
[SourceDate "2002.07.01"]
[SourceVersion "2"]
[SourceVersionDate "2002.07.01"]
[SourceQuality "1"]

1. d4 d5 2. c4 Nc6 3. e3 Nf6 4. cxd5 Qxd5 5. Nc3 Qa5 6. Bd2 e6 7. Nf3 a6 8. Bc4 Qf5 9. Qe2 Nb4 10. e4 Qh5 11. 0-0 c5 12. dxc5 Qxc5 13. Rac1 Qc7 14. Rfd1 Nc6 15. Bg5 Bb4 16. Nd5 exd5 17. exd5+ Qe7 18. dxc6 Qxe2 19. Bxe2 bxc6 20. Rxc6 Be6 21. a3 Be7 22. Rxa6 Rxa6 23. Bb5+ Nd7 24. Bxa6 f6 25. Be3 Nc5 26. Bb5+ Kf7 27. Bxc5 Bxc5 28. Rc1 Be7 29. Bc4 Bxc4 30. Rxc4 1/2-1/2

[Event "ESP-ch Universities"]
[Site "Torrelavega"]
[Date "2002.04.23"]
[Round "4.3"]
[White "Baron Rodriguez, Jesus"]
[Black "Bueno Abalo, Manuel"]
[Result "1-0"]
[WhiteElo "2397"]
[BlackElo "2251"]
[PlyCount "43"]
[EventDate "2002.04.22"]
[EventType "swiss"]
[EventRounds "9"]
[EventCountry "ESP"]
[SourceTitle "CBM 088 Extra"]
[Source "ChessBase"]
[SourceDate "2002.07.01"]
[SourceVersion "2"]
[SourceVersionDate "2002.07.01"]
[SourceQuality "1"]

1. e4 c5 2. Nf3 b6 3. d4 cxd4 4. Nxd4 Bb7 5. Bd3 a6 6. c4 g6 7. Nc3 Bg7 8. Be3 Nc6 9. Nf3 Rb8 10. h3 d6 11. Nd5 Ne5 12. Nxe5 Bxd5 13. Qa4+ b5 14. cxb5 Bxe5 15. bxa6+ Kf8 16. exd5 Bxb2 17. Rb1 Bc3+ 18. Ke2 Nf6 19. Rxb8 Qxb8 20. Rb1 Qa8 21. Bh6+ Kg8 22. a7 1-0

[Event "Galicia-ch"]
[Site "Padron"]
[Date "2002.03.31"]
[Round "9"]
[White "Salgado Lopez, Ivan"]
[Black "Bueno Abalo, Manuel"]
[Result "1/2-1/2"]
[WhiteElo "2092"]
[BlackElo "2272"]
[PlyCount "113"]
[EventDate "2002.03.23"]
[EventType "swiss"]
[EventRounds "9"]
[EventCountry "ESP"]
[SourceTitle "EXT 2003"]
[Source "ChessBase"]
[SourceDate "2002.11.25"]
[SourceVersion "1"]
[SourceVersionDate "2002.11.25"]
[SourceQuality "1"]

1. e4 c5 2. Nf3 Nc6 3. d4 cxd4 4. Nxd4 Nf6 5. Nc3 e5 6. Ndb5 d6 7. Bg5 a6 8. Na3 b5 9. Nd5 Be7 10. Bxf6 Bxf6 11. c3 0-0 12. Nc2 Bg5 13. a4 bxa4 14. Rxa4 a5 15. Bc4 Rb8 16. b3 Kh8 17. 0-0 g6 18. f4 exf4 19. Nxf4 Ne5 20. Nd5 Bh6 21. Nd4 Bd7 22. Ra2 Qh4 23. Bd3 Ng4 24. h3 Ne3 25. Qe1 Qxe1 26. Rxe1 Nxd5 27. exd5 Bg7 28. Re7 Bxd4+ 29. cxd4 Bb5 30. Bc4 a4 31. Bxb5 axb3 32. Ra5 b2 33. Bd3 b1Q+ 34. Bxb1 Rxb1+ 35. Kh2 h5 36. Kg3 Rb3+ 37. Kf4 Rd3 38. Re4 Kg7 39. Ra7 Kf6 40. h4 Rd8 41. Rb7 Kg7 42. g3 Kg8 43. Rc7 Ra8 44. Ree7 Rf8 45. Re4 Rd1 46. Rd7 Rf1+ 47. Ke3 Ra8 48. Ke2 Rf6 49. Rf4 Kg7 50. Rxf6 Kxf6 51. Rxd6+ Kf5 52. Rd7 f6 53. d6 g5 54. hxg5 fxg5 55. Re7 Kf6 56. Re5 Rd8 57. Rd5 1/2-1/2

[Event "Galicia-ch"]
[Site "Padron"]
[Date "2002.03.27"]
[Round "5"]
[White "Muniz Pardino, Alberto"]
[Black "Bueno Abalo, Manuel"]
[Result "1/2-1/2"]
[WhiteElo "2054"]
[BlackElo "2272"]
[PlyCount "61"]
[EventDate "2002.03.23"]
[EventType "swiss"]
[EventRounds "9"]
[EventCountry "ESP"]
[SourceTitle "EXT 2003"]
[Source "ChessBase"]
[SourceDate "2002.11.25"]
[SourceVersion "1"]
[SourceVersionDate "2002.11.25"]
[SourceQuality "1"]

1. e4 c6 2. d4 g6 3. Be3 Bg7 4. Nc3 Qb6 5. Rb1 d6 6. g3 Qc7 7. Bg2 Nf6 8. h3 0-0 9. Nge2 b5 10. Qd2 e5 11. 0-0 Nbd7 12. Rbd1 Nb6 13. b3 b4 14. Nb1 a5 15. dxe5 dxe5 16. Qd6 Qb7 17. Qxe5 Nfd5 18. Qd6 Nxe3 19. fxe3 Nd7 20. Nd4 Ne5 21. Nd2 Re8 22. N2f3 Ra6 23. Ne2 c5 24. Qxc5 Rc6 25. Qxa5 Rxc2 26. Rd8 Nxf3+ 27. Rxf3 Rxd8 28. Qxd8+ Bf8 29. Nd4 Rxa2 30. Nf5 gxf5 31. Qg5+ 1/2-1/2

[Event "Alonso Leira Memorial 2nd"]
[Site "Ferrol"]
[Date "2001.12.29"]
[Round "4.3"]
[White "Lorenzini, Martin"]
[Black "Bueno Abalo, Manuel"]
[Result "1-0"]
[WhiteElo "2367"]
[BlackElo "2265"]
[PlyCount "61"]
[EventDate "2001.12.26"]
[EventType "tourn"]
[EventRounds "10"]
[EventCountry "ESP"]
[SourceTitle "EXT 2003"]
[Source "ChessBase"]
[SourceDate "2002.11.25"]
[SourceVersion "1"]
[SourceVersionDate "2002.11.25"]
[SourceQuality "1"]

1. e4 c5 2. Nf3 b6 3. d4 cxd4 4. Nxd4 Bb7 5. Nc3 a6 6. Be3 e6 7. Bd3 Qc7 8. f4 Nf6 9. 0-0 Bc5 10. e5 Nc6 11. Be2 Nxe5 12. fxe5 Qxe5 13. Qd2 h5 14. Rad1 Ng4 15. Bxg4 hxg4 16. Bf4 Qh5 17. b4 Bxb4 18. Nxe6 dxe6 19. Qd7+ Kf8 20. Qxb7 Bc5+ 21. Kh1 Re8 22. Ne4 Be3 23. Bg3 Kg8 24. Nd6 Rf8 25. Nxf7 Bc5 26. Ne5 Bf2 27. Qe7 Bxg3 28. Rxf8+ Kh7 29. Rxh8+ Kxh8 30. Nxg4 Bh4 31. Qxe6 1-0

[Event "Alonso Leira Memorial 2nd"]
[Site "Ferrol"]
[Date "2001.12.26"]
[Round "1.6"]
[White "Bueno Abalo, Manuel"]
[Black "Abella Vazquez, Cesar"]
[Result "1/2-1/2"]
[WhiteElo "2265"]
[BlackElo "2115"]
[PlyCount "94"]
[EventDate "2001.12.26"]
[EventType "tourn"]
[EventRounds "10"]
[EventCountry "ESP"]
[SourceTitle "EXT 2003"]
[Source "ChessBase"]
[SourceDate "2002.11.25"]
[SourceVersion "1"]
[SourceVersionDate "2002.11.25"]
[SourceQuality "1"]

1. e4 e6 2. d4 d5 3. Nd2 dxe4 4. Nxe4 Nf6 5. Bd3 Nxe4 6. Bxe4 Bd6 7. Nf3 Nd7 8. Bg5 Nf6 9. Qe2 h6 10. Bh4 g5 11. Bg3 Bxg3 12. hxg3 g4 13. Nd2 Qe7 14. 0-0-0 Bd7 15. Bxb7 Rb8 16. Ba6 Bc6 17. f3 gxf3 18. gxf3 Rb6 19. Bc4 a5 20. Ne4 Nxe4 21. fxe4 Qg5+ 22. Kb1 Qxg3 23. d5 Qe5 24. c3 exd5 25. Bxd5 Bxd5 26. Rxd5 Qxc3 27. Rc1 Qg7 28. Rxa5 0-0 29. Rb5 Rg6 30. Qc4 c6 31. Rc5 Rd8 32. Qc3 Qd4 33. Qxd4 Rxd4 34. e5 Re4 35. a3 h5 36. Rxc6 Rxe5 37. R6c5 Rxc5 38. Rxc5 Rh6 39. Kc2 Kg7 40. Kd3 h4 41. Ke3 h3 42. Rc1 Rb6 43. Rc2 Rb3+ 44. Kf2 f5 45. a4 Rb4 46. a5 Rg4 47. Kf3 Ra4 1/2-1/2

[Event "Galicia-ch"]
[Site "Padron"]
[Date "2001.04.12"]
[Round "5.4"]
[White "Bueno Abalo, Manuel"]
[Black "Rivas Vila, David"]
[Result "1-0"]
[WhiteElo "2272"]
[BlackElo "2170"]
[PlyCount "71"]
[EventDate "2001.04.07"]
[EventType "swiss"]
[EventRounds "9"]
[EventCountry "ESP"]
[SourceTitle "EXT 2002"]
[Source "ChessBase"]
[SourceDate "2001.11.25"]
[SourceVersion "1"]
[SourceVersionDate "2001.11.25"]
[SourceQuality "1"]

1. e4 c5 2. Nf3 Nc6 3. Bb5 g6 4. 0-0 Bg7 5. c3 Nf6 6. Qa4 0-0 7. d4 cxd4 8. cxd4 a6 9. Nc3 Na7 10. Bd3 b5 11. Qb3 Nc6 12. e5 Ne8 13. Re1 d6 14. Be4 Bb7 15. e6 Na5 16. exf7+ Rxf7 17. Qc2 d5 18. Bd3 Rxf3 19. gxf3 Bxd4 20. Bg5 Nc6 21. Qe2 Nc7 22. Bxe7 Qd7 23. Bh4 Re8 24. Qf1 Ne5 25. Be2 Qf5 26. Bg3 Ne6 27. Rad1 b4 28. f4 Nxf4 29. Rxd4 Nxe2+ 30. Nxe2 Nf3+ 31. Kg2 Nxe1+ 32. Qxe1 Qc2 33. Qxb4 Bc6 34. Nc3 a5 35. Qd6 Rc8 36. Qe6+ 1-0

[Event "Galicia-chT Preferente"]
[Site "Galicia"]
[Date "2001.02.10"]
[Round "3"]
[White "Bueno Abalo, Manuel"]
[Black "Estevez Rodriguez, Luis Alberto"]
[Result "1-0"]
[WhiteElo "2272"]
[BlackElo "2208"]
[PlyCount "61"]
[EventDate "2001.??.??"]
[EventType "team"]
[EventRounds "3"]
[EventCountry "ESP"]
[SourceTitle "EXT 2002"]
[Source "ChessBase"]
[SourceDate "2001.11.25"]
[SourceVersion "1"]
[SourceVersionDate "2001.11.25"]
[SourceQuality "1"]

1. e4 e5 2. Nf3 Nc6 3. Nc3 Nf6 4. g3 Bb4 5. d3 d5 6. exd5 Qxd5 7. Bd2 Bxc3 8. Bxc3 Nd4 9. Bxd4 exd4 10. Bg2 0-0 11. 0-0 Re8 12. Qd2 Qd6 13. Rfe1 Bd7 14. a3 c5 15. Nh4 h6 16. Bxb7 Rab8 17. Rxe8+ Nxe8 18. Bg2 Rxb2 19. Nf3 Ba4 20. Re1 Nf6 21. Ne5 Rxc2 22. Qa5 Bb3 23. Qxa7 Bd5 24. Bxd5 Qxd5 25. Qb8+ Kh7 26. Qc8 g6 27. Qc7 Kg7 28. Nxf7 Ne8 29. Qa7 Kf6 30. Qe7+ Kf5 31. Nxh6# 1-0

[Event "Burgas op 10th"]
[Site "Burgas"]
[Date "2001.??.??"]
[Round "3"]
[White "Bueno Abalo, Manuel"]
[Black "Candela Perez, Jose"]
[Result "0-1"]
[WhiteElo "2272"]
[BlackElo "2411"]
[PlyCount "80"]
[EventDate "2001.??.??"]
[EventType "swiss"]
[EventRounds "9"]
[EventCountry "ESP"]
[SourceTitle "EXT 2002"]
[Source "ChessBase"]
[SourceDate "2001.11.25"]
[SourceVersion "1"]
[SourceVersionDate "2001.11.25"]
[SourceQuality "1"]

1. e4 e5 2. Nc3 Nc6 3. g3 Nf6 4. Bg2 Bc5 5. Nge2 0-0 6. 0-0 a6 7. d3 d6 8. h3 b5 9. Nd5 Nxd5 10. exd5 Ne7 11. d4 exd4 12. Nxd4 Nf5 13. Nc6 Qf6 14. Qf3 Re8 15. g4 Nh4 16. Qxf6 gxf6 17. b4 Bb6 18. Bb2 f5 19. Rae1 Bd7 20. Ne7+ Kf8 21. Bf6 Nxg2 22. Kxg2 fxg4 23. hxg4 Bxg4 24. Rh1 Bd4 25. Bxd4 Rxe7 26. Bf6 Rxe1 27. Rxh7 Bf3+ 28. Kxf3 Rg1 29. Kf4 Rg8 30. Bg5 a5 31. a3 axb4 32. axb4 Ra2 33. Kf5 Rxc2 34. f4 Rd2 35. Ke4 Rb2 36. Rh3 Rxb4+ 37. Kf5 Rd4 38. Bh6+ Ke8 39. Re3+ Kd7 40. Bg5 Re8 0-1

[Event "Marin op"]
[Site "Marin"]
[Date "2001.??.??"]
[Round "4"]
[White "Garcia Castro, Pablo"]
[Black "Bueno Abalo, Manuel"]
[Result "1/2-1/2"]
[WhiteElo "2269"]
[BlackElo "2272"]
[PlyCount "22"]
[EventDate "2001.??.??"]
[EventType "swiss"]
[EventRounds "9"]
[EventCountry "ESP"]
[SourceTitle "EXT 2002"]
[Source "ChessBase"]
[SourceDate "2001.11.25"]
[SourceVersion "1"]
[SourceVersionDate "2001.11.25"]
[SourceQuality "1"]

1. e4 c5 2. Nc3 Nc6 3. Nge2 Nf6 4. g3 e6 5. Bg2 d5 6. exd5 exd5 7. d4 cxd4 8. Nxd4 Bb4 9. 0-0 Bxc3 10. bxc3 0-0 11. Bg5 h6 1/2-1/2

[Event "Marin op"]
[Site "Marin"]
[Date "2001.??.??"]
[Round "8"]
[White "Menendez Rey, Francisco Javier"]
[Black "Bueno Abalo, Manuel"]
[Result "1-0"]
[WhiteElo "2192"]
[BlackElo "2272"]
[PlyCount "63"]
[EventDate "2001.??.??"]
[EventType "swiss"]
[EventRounds "9"]
[EventCountry "ESP"]
[SourceTitle "EXT 2002"]
[Source "ChessBase"]
[SourceDate "2001.11.25"]
[SourceVersion "1"]
[SourceVersionDate "2001.11.25"]
[SourceQuality "1"]

1. Nf3 d5 2. b3 Nf6 3. Bb2 e6 4. e3 c5 5. Be2 Nc6 6. 0-0 Bd6 7. d4 0-0 8. Ne5 Qc7 9. f4 Ne4 10. Nd2 Nxd2 11. Qxd2 f6 12. Nd3 b6 13. c4 dxc4 14. bxc4 Na5 15. dxc5 bxc5 16. Nf2 Rd8 17. Qc3 Bb7 18. Rad1 Rab8 19. Bg4 f5 20. Be2 Bf8 21. Nd3 Qc6 22. Bf3 Qb6 23. Ba1 Ba6 24. Ne5 Rxd1 25. Rxd1 Qb4 26. Nd7 Nxc4 27. Nxb8 Qxb8 28. Be2 Qb4 29. Qxb4 cxb4 30. Rc1 Bc5 31. Bd4 Nxe3 32. Bxc5 1-0

[Event "Burgas op 10th"]
[Site "Burgas"]
[Date "2001.??.??"]
[Round "4"]
[White "Quinta, Daniel"]
[Black "Bueno Abalo, Manuel"]
[Result "0-1"]
[WhiteElo "2035"]
[BlackElo "2272"]
[PlyCount "78"]
[EventDate "2001.??.??"]
[EventType "swiss"]
[EventRounds "9"]
[EventCountry "ESP"]
[SourceTitle "EXT 2002"]
[Source "ChessBase"]
[SourceDate "2001.11.25"]
[SourceVersion "1"]
[SourceVersionDate "2001.11.25"]
[SourceQuality "1"]

1. e4 c6 2. d4 g6 3. Nc3 Bg7 4. Be3 Qb6 5. Rb1 d6 6. Be2 Qc7 7. Qd2 Nd7 8. Nf3 b5 9. a3 Ngf6 10. Bh6 0-0 11. Bxg7 Kxg7 12. 0-0 a6 13. h3 Bb7 14. Qe3 e5 15. Rbd1 Rfe8 16. Nh2 c5 17. dxe5 dxe5 18. Bg4 Nb6 19. Bf3 b4 20. Nd5 Bxd5 21. exd5 Rad8 22. Ng4 Nxg4 23. hxg4 e4 24. Bxe4 Nc4 25. Qf3 Nxb2 26. Rb1 Nc4 27. axb4 Qe5 28. Bxg6 hxg6 29. Rfe1 Nd2 30. Qd3 Qxd5 31. Rxe8 Qxd3 32. cxd3 Rxe8 33. Rb2 cxb4 34. Rxd2 b3 35. Rb2 Rb8 36. Kf1 a5 37. Ke1 a4 38. Kd2 a3 39. Rb1 a2 0-1

[Event "Burgas op 10th"]
[Site "Burgas"]
[Date "2001.??.??"]
[Round "7"]
[White "Sanchez Aller, Fernando"]
[Black "Bueno Abalo, Manuel"]
[Result "0-1"]
[WhiteElo "2118"]
[BlackElo "2272"]
[PlyCount "60"]
[EventDate "2001.??.??"]
[EventType "swiss"]
[EventRounds "9"]
[EventCountry "ESP"]
[SourceTitle "EXT 2002"]
[Source "ChessBase"]
[SourceDate "2001.11.25"]
[SourceVersion "1"]
[SourceVersionDate "2001.11.25"]
[SourceQuality "1"]

1. e4 c5 2. Nf3 b6 3. d4 cxd4 4. Nxd4 Bb7 5. Nc3 a6 6. Bd3 g6 7. 0-0 Bg7 8. Be3 d6 9. Nd5 e5 10. Ne2 Bxd5 11. exd5 Ne7 12. c4 0-0 13. Rb1 Nd7 14. Qd2 a5 15. a3 Rc8 16. Nc3 f5 17. f3 f4 18. Bf2 Nf5 19. b4 axb4 20. axb4 Bh6 21. Nb5 Nf6 22. Na7 e4 23. fxe4 f3 24. Qd1 Ne3 25. Bxe3 Bxe3+ 26. Kh1 Ng4 27. g3 Ra8 28. Ra1 Qg5 29. Nc6 Rxa1 30. Qxa1 Nxh2 0-1

[Event "ESP-ch"]
[Site "Barcelona"]
[Date "2000.08.25"]
[Round "7"]
[White "Bueno Abalo, Manuel"]
[Black "Martinez Martin, David"]
[Result "0-1"]
[WhiteElo "2230"]
[BlackElo "2283"]
[PlyCount "66"]
[EventDate "2000.08.18"]
[EventType "swiss"]
[EventRounds "9"]
[EventCountry "ESP"]
[SourceTitle "CBM 077 Extra"]
[Source "ChessBase"]
[SourceDate "2000.09.14"]
[SourceVersion "1"]
[SourceVersionDate "2000.09.14"]
[SourceQuality "1"]

1. e4 c5 2. Nf3 d6 3. Bb5+ Bd7 4. Bxd7+ Qxd7 5. 0-0 Nc6 6. c4 g6 7. Nc3 Bg7 8. d3 Nf6 9. h3 0-0 10. Be3 Rac8 11. a3 Ne8 12. Rb1 b6 13. Qd2 f5 14. exf5 Rxf5 15. Nh2 e6 16. Ng4 Kh8 17. Ne4 d5 18. Ng3 Rf8 19. Rbd1 Nd6 20. Bh6 Nf5 21. Bxg7+ Qxg7 22. Ne2 Rcd8 23. cxd5 exd5 24. Kh1 g5 25. Ng3 Nxg3+ 26. fxg3 Nd4 27. Ne3 Qe5 28. g4 Rf4 29. Rde1 Re8 30. Nf5 Ne2 31. Rd1 d4 32. Rfe1 h5 33. g3 Qd5+ 0-1

[Event "ESP-ch"]
[Site "Barcelona"]
[Date "2000.08.22"]
[Round "5"]
[White "Bueno Abalo, Manuel"]
[Black "Baron Rodriguez, Jesus"]
[Result "0-1"]
[WhiteElo "2230"]
[BlackElo "2384"]
[PlyCount "100"]
[EventDate "2000.08.18"]
[EventType "swiss"]
[EventRounds "9"]
[EventCountry "ESP"]
[SourceTitle "CBM 077 Extra"]
[Source "ChessBase"]
[SourceDate "2000.09.14"]
[SourceVersion "1"]
[SourceVersionDate "2000.09.14"]
[SourceQuality "1"]

1. d4 Nf6 2. Nf3 d5 3. e3 e6 4. Bd3 b6 5. 0-0 Bb7 6. b3 Nbd7 7. Bb2 Bd6 8. Nbd2 Ne4 9. Ne5 0-0 10. Nxd7 Qxd7 11. Nxe4 dxe4 12. Be2 f5 13. g3 Rad8 14. a4 a5 15. f4 g5 16. fxg5 Qg7 17. Bc4 Qg6 18. Qe2 Rde8 19. Ba3 Qxg5 20. Bxd6 cxd6 21. Rae1 Kh8 22. Ba6 Ba8 23. Qb5 Qd8 24. b4 Qc7 25. bxa5 bxa5 26. Qb2 Rb8 27. Bb5 d5 28. Rc1 Rfc8 29. c4 dxc4 30. Qc3 Bd5 31. Rf2 h5 32. Rf4 Kg7 33. Rh4 Kg6 34. Qe1 Qd8 35. Qe2 Qg5 36. Rf4 c3 37. Qe1 c2 38. Qxa5 h4 39. Qe1 hxg3 40. h4 Qe7 41. Qxg3+ Kh6 42. Kh1 Rg8 43. Qh2 Qa3 44. Rff1 Qxe3 45. Rxc2 Rg3 46. Rg2 Rh3 47. Rfg1 Qf3 48. Be2 Rxh2+ 49. Kxh2 Qf4+ 50. Kh3 Rb3+ 0-1

[Event "ESP-ch"]
[Site "Barcelona"]
[Date "2000.08.19"]
[Round "2"]
[White "Del Rio de Angelis, Salvador Gabriel"]
[Black "Bueno Abalo, Manuel"]
[Result "1-0"]
[WhiteElo "2467"]
[BlackElo "2230"]
[PlyCount "78"]
[EventDate "2000.08.18"]
[EventType "swiss"]
[EventRounds "9"]
[EventCountry "ESP"]
[SourceTitle "CBM 077 Extra"]
[Source "ChessBase"]
[SourceDate "2000.09.14"]
[SourceVersion "1"]
[SourceVersionDate "2000.09.14"]
[SourceQuality "1"]

1. d4 Nf6 2. Nf3 g6 3. c4 Bg7 4. Nc3 d6 5. e4 0-0 6. Be2 c6 7. 0-0 e5 8. Re1 Nbd7 9. Bf1 exd4 10. Nxd4 Re8 11. Nb3 a5 12. a4 Ne5 13. f4 Nfg4 14. fxe5 Qh4 15. h3 Qf2+ 16. Kh1 Qg3 17. hxg4 Bxe5 18. Kg1 Bxg4 19. Be2 Bh3 20. Bf3 Re6 21. Ne2 Qh2+ 22. Kf2 Rf6 23. Bf4 Bxf4 24. Rh1 Bg3+ 25. Ke3 Rxf3+ 26. gxf3 Qf2+ 27. Kd2 Bg2 28. Rf1 Bxf1 29. Qxf1 Qb6 30. Kc2 Be5 31. f4 Bg7 32. Rd1 Qb4 33. Ng3 Qxa4 34. Rxd6 Qb4 35. Qd3 Bf8 36. Rd7 a4 37. Nc1 a3 38. Qb3 axb2 39. Kxb2 Qd2+ 1-0

[Event "Mondariz op 7th"]
[Site "Mondariz"]
[Date "2000.08.02"]
[Round "8"]
[White "Perez Rodriguez, Luis Manuel"]
[Black "Bueno Abalo, Manuel"]
[Result "1-0"]
[WhiteElo "2381"]
[BlackElo "2230"]
[PlyCount "63"]
[EventDate "2000.07.26"]
[EventType "swiss"]
[EventRounds "9"]
[EventCountry "ESP"]
[SourceTitle "EXT 2001"]
[Source "ChessBase"]
[SourceDate "2000.11.22"]
[SourceVersion "1"]
[SourceVersionDate "2000.11.22"]
[SourceQuality "1"]

1. e4 c5 2. c3 Nf6 3. e5 Nd5 4. d4 cxd4 5. Nf3 Nc6 6. Bc4 e6 7. cxd4 d6 8. 0-0 dxe5 9. dxe5 Be7 10. Qe2 a6 11. Nc3 Nxc3 12. bxc3 Qc7 13. Bd3 Bd7 14. Re1 Na5 15. Rb1 Bc6 16. c4 Rd8 17. Ng5 Qd7 18. Bc2 Qd4 19. Qh5 g6 20. Qh3 Qxc4 21. Bxg6 fxg6 22. Nxe6 Rd3 23. Be3 Kf7 24. Nf4 Qxf4 25. e6+ Ke8 26. Bxf4 Rxh3 27. gxh3 Rf8 28. Bg3 Nc4 29. Rec1 b5 30. Rxc4 bxc4 31. Rb8+ Bd8 32. Bh4 1-0

[Event "Mondariz op 7th"]
[Site "Mondariz"]
[Date "2000.08.01"]
[Round "7"]
[White "Bueno Abalo, Manuel"]
[Black "Janev, Evgeni"]
[Result "0-1"]
[WhiteElo "2230"]
[BlackElo "2413"]
[PlyCount "56"]
[EventDate "2000.07.26"]
[EventType "swiss"]
[EventRounds "9"]
[EventCountry "ESP"]
[SourceTitle "EXT 2001"]
[Source "ChessBase"]
[SourceDate "2000.11.22"]
[SourceVersion "1"]
[SourceVersionDate "2000.11.22"]
[SourceQuality "1"]

1. e4 Nf6 2. Nc3 d6 3. Nf3 e5 4. d4 Nbd7 5. dxe5 dxe5 6. Bc4 Bb4 7. 0-0 0-0 8. Qe2 c6 9. a4 b6 10. Nb1 a6 11. c3 Be7 12. Rd1 Qc7 13. Nbd2 Bb7 14. Nf1 b5 15. Bd3 Nc5 16. Bc2 bxa4 17. Ng3 Rfd8 18. Rxd8+ Rxd8 19. Be3 Bc8 20. Bxc5 Bxc5 21. Bxa4 Bg4 22. Qxa6 h5 23. Qxc6 Qa7 24. Rf1 Bd7 25. Rd1 Bxf2+ 26. Kf1 Bxg3 27. hxg3 Ng4 28. Rd2 Bxc6 0-1

[Event "Mondariz op 7th"]
[Site "Mondariz"]
[Date "2000.07.29"]
[Round "4"]
[White "Bueno Abalo, Manuel"]
[Black "Suba, Mihai"]
[Result "0-1"]
[WhiteElo "2230"]
[BlackElo "2487"]
[PlyCount "94"]
[EventDate "2000.07.26"]
[EventType "swiss"]
[EventRounds "9"]
[EventCountry "ESP"]
[SourceTitle "EXT 2001"]
[Source "ChessBase"]
[SourceDate "2000.11.22"]
[SourceVersion "1"]
[SourceVersionDate "2000.11.22"]
[SourceQuality "1"]

1. e4 c5 2. Nf3 d6 3. Bb5+ Nd7 4. 0-0 a6 5. Bd3 e6 6. c3 b5 7. Re1 g5 8. Rf1 g4 9. Ne1 Ngf6 10. Bc2 Bb7 11. Qe2 Bh6 12. b3 Qb6 13. a4 b4 14. Bb2 Rg8 15. cxb4 cxb4 16. a5 Qb5 17. Qxb5 axb5 18. Nd3 Bxe4 19. Nxb4 Bxc2 20. Nxc2 Nd5 21. Nc3 Nc7 22. Ne4 d5 23. Nd6+ Kf8 24. Nd4 b4 25. a6 Bf4 26. N6b5 Nxb5 27. Nxb5 Ke7 28. a7 Rgc8 29. Rfc1 Rxc1+ 30. Rxc1 Bxd2 31. Ra1 Bf4 32. Bd4 Kd8 33. g3 Be5 34. Ra4 Bxd4 35. Nxd4 Kc7 36. Rxb4 Ne5 37. Ra4 Kb6 38. Rb4+ Kxa7 39. f4 gxf3 40. Kf1 Rc8 41. Ra4+ Kb6 42. Kf2 Rc3 43. h3 Nd3+ 44. Kxf3 Nc5+ 45. Kf4 Nxa4 46. bxa4 Rc4 47. Ke5 f6+ 0-1

[Event "Orense op 9th"]
[Site "Orense"]
[Date "2000.07.16"]
[Round "9"]
[White "Bueno Abalo, Manuel"]
[Black "Prol Nogueira, Iago"]
[Result "1-0"]
[WhiteElo "2230"]
[BlackElo "2072"]
[PlyCount "71"]
[EventDate "2000.07.08"]
[EventType "swiss"]
[EventRounds "9"]
[EventCountry "ESP"]
[SourceTitle "EXT 2001"]
[Source "ChessBase"]
[SourceDate "2000.11.22"]
[SourceVersion "1"]
[SourceVersionDate "2000.11.22"]
[SourceQuality "1"]

1. e4 c5 2. Nf3 Nc6 3. Bb5 g6 4. 0-0 Bg7 5. Re1 Nf6 6. Bxc6 dxc6 7. d3 Bg4 8. h3 Bxf3 9. Qxf3 0-0 10. a4 Nd7 11. Nc3 Qc7 12. Bf4 Qb6 13. Nd1 a5 14. Qe2 Rad8 15. Ne3 Ne5 16. Qd2 Qa6 17. Rad1 b5 18. Bxe5 Bxe5 19. Ng4 Bg7 20. Qg5 Qa7 21. b3 Rd4 22. axb5 cxb5 23. h4 a4 24. bxa4 Rxa4 25. h5 Ra2 26. Re3 Rxc2 27. Rh3 Qb6 28. Ne3 Rb2 29. Nd5 Qd6 30. Nxe7+ Kh8 31. hxg6 fxg6 32. Nxg6+ Kg8 33. Nxf8 Qxf8 34. Qd5+ Kh8 35. Rf3 Qc8 36. Ra1 1-0